000 00406nam a2200169Ia 4500
001 11321
003 IN-NITTTR
005 20251114233106.0
008 251113s9999||||xx |||||||||||||| ||eng||
040 _beng
040 _cIN-NITTTR
041 _aeng
082 _a005.136 L576A
100 _aLeventhal, Lance A
245 0 _a6800 assembly language programming /
_cLeventhal, Lance A
942 _2ddc
_cBK
999 _c13957
_d13957